| 000 | 00624nas a2200229 i 4500 | ||
|---|---|---|---|
| 001 | 118 | ||
| 003 | ES-MaACL | ||
| 005 | 20250807062524.0 | ||
| 007 | t| | ||
| 008 | 950801c1916 uy | | 1 ||pa d | ||
| 080 | _a899 | ||
| 245 | 0 | 0 | _aAnales ... de la Facultad de Medicina. |
| 260 |
_aMontevideo : _bTip. Moderna, _c1916- |
||
| 300 |
_a5 v. ; _c24 cm. |
||
| 310 | _aMensual | ||
| 362 | 0 | _aT. I (ene. 1916)- | |
| 650 | 1 | 7 |
_aMedicina _2embne _914891 |
| 710 | 2 |
_aUniversidad de Montevideo. _bFacultad de Medicina ( _cMontevideo) _9227376 |
|
| 852 |
_aES-MaACL _jHem-750 |
||
| 866 | 0 | _o1916-20(1921). | |
| 999 |
_c118 _d118 |
||